00260nam a2200097Ia 4500008004100000020001800041100001500059245004000074260003400114300001400148171211s9999 xx 000 0 und d a9781118024027 aChang, Kai aDoppler Radar Physiological Sensing bJohn Wiley & Sons, Inc.c2016 a288 pages